000 01035cab a2200205 4500
001 ##L133472
008 060511n2006 000 0 eng u
035 _a(Sirsi) u133472
041 0 _aeng
100 1 _aBirkby, Gillian
245 0 4 _aThe benefit of hindsight
260 _c2006
490 0 _aProject
_v18(10) May 2006, 14-15(2)
520 _aAssesses the lessons for project managers to be drawn from "Great Eastern Hotel Company Ltd v John Laing Construction Ltd and another" ([2005] EWHC 181 (TCC), L129378). These include the importance of appointing staff with the requisite skills for the work that they are required to do at the outset of the project, and the need for the project manager to keep the client fully and accurately informed of the progress being made, even if this reflects poorly on the manager.
590 _aIKA230506
650 2 4 _aGREAT EASTERN HOTEL COMPANY LTD V JOHN LAING CONSTRUCTION LTD AND ANOTHER
651 4 _aEngland and Wales
_y1543-
690 _aProject management
_96261
942 _n0
999 _c77026
_d77026